South American Fights and Fighters, and Other Tales of Adventure (Record no. 250165)
[ view plain ]
| 000 -LEADER | |
|---|---|
| fixed length control field | 01373cam a22003373a 4500 |
| 001 - CONTROL NUMBER | |
| control field | 20910 |
| 003 - CONTROL NUMBER IDENTIFIER | |
| control field | PGUSA |
| 005 - DATE AND TIME OF LATEST TRANSACTION | |
| control field | 20140828083438.0 |
| 008 - FIXED-LENGTH DATA ELEMENTS--GENERAL INFORMATION | |
| fixed length control field | 070326s2007||||xxu|||||s|||||000 | eng d |
| 040 ## - CATALOGING SOURCE | |
| Original cataloging agency | PGUSA |
| Language of cataloging | eng |
| 042 ## - AUTHENTICATION CODE | |
| Authentication code | dc |
| 050 #4 - LIBRARY OF CONGRESS CALL NUMBER | |
| Classification number | F1401 |
| 100 1# - MAIN ENTRY--PERSONAL NAME | |
| Personal name | Brady, Cyrus Townsend, |
| Dates associated with a name | 1861-1920 |
| 245 10 - TITLE STATEMENT | |
| Title | South American Fights and Fighters, and Other Tales of Adventure |
| Medium | [electronic resource] / |
| Statement of responsibility, etc | Cyrus Townsend Brady |
| 260 ## - PUBLICATION, DISTRIBUTION, ETC. (IMPRINT) | |
| Name of publisher, distributor, etc | Project Gutenberg, |
| Date of publication, distribution, etc | 2007 |
| 505 0# - FORMATTED CONTENTS NOTE | |
| Formatted contents note | Panama and the knights-errant of colonization -- Panama, Balboa and a forgotten romance -- Peru and the Pizarros -- The greatest adventure in history -- The yarn of the "Essex," whaler -- Some famous American duels -- The cruise of the "Tonquin" -- John Paul Jones -- In the caverns of the Pitt -- Being a boy out West. |
| 506 ## - RESTRICTIONS ON ACCESS NOTE | |
| Terms governing access | Public domain in the USA. |
| 516 ## - TYPE OF COMPUTER FILE OR DATA NOTE | |
| Type of computer file or data note | Electronic text |
| 653 ## - INDEX TERM--UNCONTROLLED | |
| Uncontrolled term | Peru -- History -- Conquest, 1522-1548 |
| 653 ## - INDEX TERM--UNCONTROLLED | |
| Uncontrolled term | Dueling |
| 653 ## - INDEX TERM--UNCONTROLLED | |
| Uncontrolled term | Mexico -- History -- Conquest, 1519-1540 |
| 653 ## - INDEX TERM--UNCONTROLLED | |
| Uncontrolled term | Essex (Whaleship) |
| 653 ## - INDEX TERM--UNCONTROLLED | |
| Uncontrolled term | Tonquin (Ship) |
| 653 ## - INDEX TERM--UNCONTROLLED | |
| Uncontrolled term | Washita Campaign, 1868-1869 |
| 653 ## - INDEX TERM--UNCONTROLLED | |
| Uncontrolled term | Jones, John Paul, 1747-1792 |
| 653 ## - INDEX TERM--UNCONTROLLED | |
| Uncontrolled term | America -- Discovery and exploration -- Spanish |
| 653 ## - INDEX TERM--UNCONTROLLED | |
| Uncontrolled term | Panama -- History |
| 830 #0 - SERIES ADDED ENTRY--UNIFORM TITLE | |
| Uniform title | Project Gutenberg |
| Volume number/sequential designation | 20910 |
| 856 40 - ELECTRONIC LOCATION AND ACCESS | |
| Uniform Resource Identifier | <a href="http://www.gutenberg.org/ebooks/20910">http://www.gutenberg.org/ebooks/20910</a> |
| 942 ## - ADDED ENTRY ELEMENTS (KOHA) | |
| Koha item type | eBooks |
| Withdrawn status | Lost status | Damaged status | Home library | Current library | Date acquired | Total Checkouts | Date last seen | Price effective from | Koha item type |
|---|---|---|---|---|---|---|---|---|---|
| Project Gutenberg | Project Gutenberg | 08/28/2014 | 08/28/2014 | 08/28/2014 | eBooks |